[Event "Sherbrooke Perpetuelles 31-10"]
[Site "Sherbrooke CAN"]
[Date "2003.11.07"]
[Round "2"]
[White "Denomme, Michael"]
[Black "Vincent, Pascal"]
[Result "1-0"]
[WhiteElo "1247"]
[BlackElo "1203"]
[PlyCount "54"]
[EventDate "2003.10.31"]
[EventType "swiss"]
[EventRounds "5"]
[EventCountry "CAN"]
[Source "ChessBase"]
[SourceDate "2007.11.25"]

1. e4 e5 2. f4 d5 3. exd5 Qxd5 4. Nc3 Qa5 5. Nf3 Nd7 6. Bc4 h6 7. fxe5 Nxe5 8.
Qe2 Bd6 9. d4 Bg4 10. O-O O-O-O 11. dxe5 Bxe5 12. Nb5 Qb6+ 13. Be3 Qg6 14. Nxe5
Bxe2 15. Nxg6 Bxc4 16. Nxa7+ Kb8 17. Nxh8 Nf6 18. Rf4 Be6 19. Rb4 Rxh8 20. Nc6+
Kc8 21. Ba7 Nd7 22. Ne7+ Kd8 23. Rxb7 Kxe7 24. Rxc7 f5 25. Re1 Kf7 26. b4 Ra8
27. b5 Kg6 1-0

[Event "Sherbrooke Perpetuelles 31-10"]
[Site "Sherbrooke CAN"]
[Date "2003.11.07"]
[Round "2"]
[White "Duclos, Alain"]
[Black "Pilotte, Benoit"]
[Result "0-1"]
[WhiteElo "1624"]
[BlackElo "1649"]
[PlyCount "57"]
[EventDate "2003.10.31"]
[EventType "swiss"]
[EventRounds "5"]
[EventCountry "CAN"]
[Source "ChessBase"]
[SourceDate "2007.11.25"]

1. e4 d6 2. d4 Nf6 3. Nc3 g6 4. f4 Bg7 5. Nf3 c5 6. Bb5+ Bd7 7. e5 Ng4 8. e6
fxe6 9. Ng5 Bxb5 10. Nxe6 Bxd4 11. Qxg4 Bd7 12. f5 Bxe6 13. fxe6 O-O 14. Bf4
Nc6 15. O-O-O Qa5 16. Kb1 Bxc3 17. bxc3 Qxc3 18. Rd3 Qb4+ 19. Rb3 Qxf4 20. Qd1
Nd4 21. Rd3 Rac8 22. h4 Rc6 23. c3 Rb6+ 24. Ka1 Nxe6 25. h5 Qf2 26. Rd2 Qg3 27.
Rh3 Qg5 28. Rdd3 Qxg2 29. Rh1 0-1

[Event "Sherbrooke Perpetuelles 31-10"]
[Site "Sherbrooke CAN"]
[Date "2003.11.07"]
[Round "2"]
[White "Jolin, Fernand"]
[Black "Viens, Nicolas"]
[Result "1-0"]
[WhiteElo "1313"]
[BlackElo "1281"]
[PlyCount "101"]
[EventDate "2003.10.31"]
[EventType "swiss"]
[EventRounds "5"]
[EventCountry "CAN"]
[Source "ChessBase"]
[SourceDate "2007.11.25"]

1. Nf3 d5 2. d4 e6 3. g3 Nc6 4. Bg2 Nf6 5. Bg5 Be7 6. Bxf6 Bxf6 7. c3 O-O 8.
O-O Re8 9. Nbd2 e5 10. dxe5 Nxe5 11. Nxe5 Bxe5 12. e4 c6 13. exd5 cxd5 14. Qb3
Be6 15. Qxb7 Re7 16. Qb3 Qd7 17. Nf3 Bf6 18. Qd1 Bg4 19. Qd2 Rae8 20. Nd4 h6
21. f3 Bh3 22. g4 Bxd4+ 23. Qxd4 Bxg2 24. Kxg2 Re2+ 25. Rf2 Qc7 26. Raf1 R2e5
27. f4 Re2 28. Qxd5 Qxf4 29. Qf3 Rxf2+ 30. Rxf2 Qxf3+ 31. Kxf3 g6 32. c4 Kf8
33. c5 Re6 34. Rc2 Rc6 35. b4 a6 36. a4 Ke7 37. b5 axb5 38. axb5 Rc8 39. c6 Kd6
40. Ke4 Kc7 41. Rc5 Kb6 42. Rd5 Kc7 43. Ke5 Kb6 44. Kf6 Rc7 45. Rd7 Rc8 46.
Rb7+ Kc5 47. Kxf7 h5 48. g5 Kd6 49. Kxg6 h4 50. Kf7 Kc5 51. g6 1-0

[Event "Sherbrooke Perpetuelles 31-10"]
[Site "Sherbrooke CAN"]
[Date "2003.11.07"]
[Round "2"]
[White "Lopez, Jose"]
[Black "Courteau, Bernard"]
[Result "1-0"]
[WhiteElo "1664"]
[BlackElo "1727"]
[PlyCount "47"]
[EventDate "2003.10.31"]
[EventType "swiss"]
[EventRounds "5"]
[EventCountry "CAN"]
[Source "ChessBase"]
[SourceDate "2007.11.25"]

1. e4 c5 2. Nf3 d6 3. d4 cxd4 4. Nxd4 Nf6 5. Nc3 a6 6. Bg5 e6 7. f4 Be7 8. Qf3
Ra7 9. Bc4 b5 10. Bb3 O-O 11. O-O-O Qb6 12. f5 Nd5 13. Bxe7 Nxe7 14. fxe6 fxe6
15. Qg3 Rf6 16. Nxe6 Bxe6 17. Rxd6 Qc7 18. Rxe6 Rxe6 19. Bxe6+ Kh8 20. Qf2 Ng6
21. Rf1 Qe7 22. Nd5 Qg5+ 23. Kb1 Nc6 24. Qf8+ 1-0

[Event "Sherbrooke Perpetuelles 31-10"]
[Site "Sherbrooke CAN"]
[Date "2003.11.14"]
[Round "3"]
[White "Jolin, Fernand"]
[Black "Denomme, Michael"]
[Result "1/2-1/2"]
[WhiteElo "1313"]
[BlackElo "1247"]
[PlyCount "127"]
[EventDate "2003.10.31"]
[EventType "swiss"]
[EventRounds "5"]
[EventCountry "CAN"]
[Source "ChessBase"]
[SourceDate "2007.11.25"]

1. Nf3 f5 2. g3 Nc6 3. Bg2 e5 4. d3 d5 5. c3 Bc5 6. d4 Bxd4 7. cxd4 e4 8. Ne5
Nxd4 9. Qxd4 Qe7 10. Qxd5 Nf6 11. Qb5+ c6 12. Nxc6 bxc6 13. Qxc6+ Kf7 14. Qxa8
Bd7 15. Qxh8 Be8 16. Bg5 e3 17. Bd5+ Kg6 18. Bxf6 exf2+ 19. Kf1 gxf6 20. Qg8+
Kh6 21. Qe6 Qd8 22. Qxf5 Bg6 23. Qf4+ Kg7 24. Nc3 a5 25. Rd1 Qb6 26. b3 Be8 27.
Qg4+ Bg6 28. Be4 Qb4 29. Bxg6 Qxg4 30. Be4 f5 31. Bf3 Qb4 32. Nd5 Qc5 33. Kg2
Qc2 34. b4 axb4 35. Nxb4 Qc4 36. a3 f4 37. g4 Kg6 38. Rd6+ Kg7 39. Rhd1 h5 40.
Rd7+ Kf8 41. Rd8+ Kf7 42. R1d7+ Kf6 43. Nd5+ Kg5 44. gxh5 f1=Q+ 45. Kxf1 Qc1+
46. Kf2 Qc5+ 47. Kg2 Kh6 48. Rh8+ Kg5 49. Rg7+ Kf5 50. Ne7+ Kf6 51. h6 Qxa3 52.
Rf8+ Ke6 53. Bg4+ Ke5 54. Nc6+ Kd5 55. Ne7+ Ke4 56. Bf3+ Ke3 57. Nd5+ Kd2 58.
Nxf4 Qxf8 59. Rd7+ Ke1 60. Nd3+ Kd2 61. h7 Qh6 62. Ne5+ Ke1 63. Ng4 Qe3 64.
Nxe3 1/2-1/2

[Event "Sherbrooke Perpetuelles 31-10"]
[Site "Sherbrooke CAN"]
[Date "2003.11.14"]
[Round "3"]
[White "Pilotte, Benoit"]
[Black "Courteau, Bernard"]
[Result "0-1"]
[WhiteElo "1649"]
[BlackElo "1727"]
[PlyCount "90"]
[EventDate "2003.10.31"]
[EventType "swiss"]
[EventRounds "5"]
[EventCountry "CAN"]
[Source "ChessBase"]
[SourceDate "2007.11.25"]

1. d4 Nf6 2. Nc3 d5 3. e4 dxe4 4. f3 Bf5 5. Bg5 Nbd7 6. Qe2 exf3 7. Nxf3 c6 8.
O-O-O Nb6 9. Bxf6 gxf6 10. d5 Bh6+ 11. Kb1 cxd5 12. Nxd5 Nxd5 13. Qb5+ Bd7 14.
Qxd5 Bc6 15. Bb5 Qxd5 16. Rxd5 Bxb5 17. Rxb5 O-O-O 18. Re1 e5 19. c3 Rd3 20.
Nh4 Rhd8 21. Re4 Rd1+ 22. Kc2 R8d2+ 23. Kb3 Rb1 24. Rc5+ Kd7 25. Nf3 Rbxb2+ 26.
Kc4 Rd6 27. Rh4 Bf8 28. Ra5 a6 29. Rxh7 b5+ 30. Kc5 Rc6+ 31. Kd5 Rd6+ 32. Kc5
Ke6 33. Rh8 Be7 34. Rg8 b4 35. c4 Rd8+ 36. Kb6 Rxg8 37. Rxa6 Rc2 38. Nh4 Bd6
39. Kb5 Rb8+ 40. Rb6 Rxb6+ 41. Kxb6 Rxc4 42. Nf3 Rc2 43. Ne1 Rxa2 44. Nd3 b3
45. Nc1 b2 0-1

[Event "Sherbrooke Perpetuelles 31-10"]
[Site "Sherbrooke CAN"]
[Date "2003.11.14"]
[Round "3"]
[White "Viens, Nicolas"]
[Black "Belanger, Jean Sebastien"]
[Result "1-0"]
[WhiteElo "1281"]
[BlackElo "1425"]
[PlyCount "91"]
[EventDate "2003.10.31"]
[EventType "swiss"]
[EventRounds "5"]
[EventCountry "CAN"]
[Source "ChessBase"]
[SourceDate "2007.11.25"]

1. d4 f5 2. c4 Nf6 3. Nc3 e6 4. e3 Bb4 5. Bd2 O-O 6. Nf3 b6 7. Qb3 Bxc3 8. Bxc3
Ne4 9. Bd3 Bb7 10. d5 Nxc3 11. bxc3 c5 12. Rd1 Qf6 13. O-O e5 14. e4 f4 15. g3
d6 16. Nh4 f3 17. h3 Bc8 18. Kh2 g5 19. Nf5 Bxf5 20. exf5 g4 21. h4 Nd7 22. Qb5
Qe7 23. Rh1 Nf6 24. Qb1 e4 25. Rde1 Rae8 26. Re3 Qe5 27. Qc2 Re7 28. Bxe4 Nxe4
29. Rhe1 Qxf5 30. Rxe4 Rfe8 31. Rxe7 Qxc2 32. Rxe8+ Kf7 33. Kg1 Qxc3 34. R8e7+
Kg6 35. R1e6+ Qf6 36. Rxf6+ Kxf6 37. Re6+ Kf5 38. Kf1 a6 39. Rxd6 b5 40. cxb5
axb5 41. Ke1 Ke5 42. Rd8 b4 43. Kd2 c4 44. d6 b3 45. axb3 cxb3 46. Kc3 1-0

[Event "Sherbrooke Perpetuelles 31-10"]
[Site "Sherbrooke CAN"]
[Date "2003.11.21"]
[Round "4"]
[White "Belanger, Jean Sebastien"]
[Black "Pilotte, Benoit"]
[Result "0-1"]
[WhiteElo "1425"]
[BlackElo "1649"]
[PlyCount "56"]
[EventDate "2003.10.31"]
[EventType "swiss"]
[EventRounds "5"]
[EventCountry "CAN"]
[Source "ChessBase"]
[SourceDate "2007.11.25"]

1. e4 d6 2. Bc4 Nf6 3. Nc3 g6 4. f4 a6 5. a3 b5 6. Ba2 Bg7 7. h3 Bb7 8. d3 c5
9. Nf3 e6 10. Ne2 Nc6 11. Ng3 Nd4 12. Nxd4 cxd4 13. O-O Rc8 14. f5 gxf5 15.
exf5 e5 16. Bg5 h6 17. Bh4 Rg8 18. Nh5 Bh8 19. Rf2 d5 20. Qf3 e4 21. Re2 Rxc2
22. dxe4 Rxe2 23. Qxe2 dxe4 24. Nxf6+ Bxf6 25. Qh5 Qe7 26. Be1 e3 27. g4 Rg5
28. Qh4 Qe4 0-1

[Event "Sherbrooke Perpetuelles 31-10"]
[Site "Sherbrooke CAN"]
[Date "2003.11.21"]
[Round "4"]
[White "Courteau, Bernard"]
[Black "Liard, Serge"]
[Result "0-1"]
[WhiteElo "1727"]
[BlackElo "1958"]
[PlyCount "79"]
[EventDate "2003.10.31"]
[EventType "swiss"]
[EventRounds "5"]
[EventCountry "CAN"]
[Source "ChessBase"]
[SourceDate "2007.11.25"]

1. e4 e6 2. d4 d5 3. Nc3 Nf6 4. Bg5 Be7 5. e5 Nfd7 6. h4 a6 7. Qg4 f5 8. Qg3 c5
9. O-O-O cxd4 10. Rxd4 Nc6 11. Nf3 Nxd4 12. Nxd4 Nf8 13. Be2 Bd7 14. f4 Bxg5
15. fxg5 Qe7 16. Qe3 Qb4 17. h5 O-O-O 18. Rh4 Qa5 19. Nb3 Qc7 20. Nc5 Bc6 21.
Rd4 h6 22. g6 Qe7 23. N3a4 Qg5 24. Rf4 Bxa4 25. Nxa4 Nd7 26. c3 Kb8 27. g3 Rc8
28. Kb1 Rhd8 29. b4 b5 30. Nb6 Rc6 31. Nxd7+ Rxd7 32. Kb2 Qd8 33. g4 fxg4 34.
Qf2 Qb6 35. Rf8+ Ka7 36. Qg3 d4 37. Rf7 dxc3+ 38. Kb3 Rcc7 39. Qf4 c2 40. Qe4
0-1

[Event "Sherbrooke Perpetuelles 31-10"]
[Site "Sherbrooke CAN"]
[Date "2003.11.21"]
[Round "4"]
[White "Duclos, Alain"]
[Black "Lopez, Jose"]
[Result "0-1"]
[WhiteElo "1624"]
[BlackElo "1664"]
[PlyCount "42"]
[EventDate "2003.10.31"]
[EventType "swiss"]
[EventRounds "5"]
[EventCountry "CAN"]
[Source "ChessBase"]
[SourceDate "2007.11.25"]

1. e4 c5 2. Nf3 d6 3. d4 cxd4 4. Nxd4 Nf6 5. Nc3 a6 6. Be3 e5 7. Nb3 Be6 8. Qd2
Be7 9. f3 Qc7 10. g4 h6 11. h4 Nc6 12. O-O-O Rd8 13. Rg1 d5 14. exd5 Nxd5 15.
Nxd5 Rxd5 16. Qf2 Rxd1+ 17. Kxd1 Qd8+ 18. Kc1 Bxh4 19. Qh2 Bg5 20. f4 exf4 21.
Bxf4 Qd6 0-1

[Event "Sherbrooke Perpetuelles 31-10"]
[Site "Sherbrooke CAN"]
[Date "2003.11.21"]
[Round "4"]
[White "Thomsen, Gunther"]
[Black "Jolin, Fernand"]
[Result "0-1"]
[WhiteElo "1155"]
[BlackElo "1313"]
[PlyCount "42"]
[EventDate "2003.10.31"]
[EventType "swiss"]
[EventRounds "5"]
[EventCountry "CAN"]
[Source "ChessBase"]
[SourceDate "2007.11.25"]

1. d4 Nf6 2. c4 g6 3. Bg5 Bg7 4. Nf3 d6 5. g3 O-O 6. Bg2 c6 7. Nbd2 Qb6 8. Nb3
Be6 9. Nfd2 Nbd7 10. Be3 d5 11. cxd5 Bxd5 12. Bxd5 Nxd5 13. Nf3 Nxe3 14. fxe3
Qb4+ 15. Kf2 Rfd8 16. Qd3 e5 17. Rac1 exd4 18. exd4 Nc5 19. Nxc5 Bxd4+ 20. e3
Rd6 21. Qe4 Rad8 0-1

[Event "Sherbrooke Perpetuelles 31-10"]
[Site "Sherbrooke CAN"]
[Date "2003.11.21"]
[Round "4"]
[White "Vincent, Pascal"]
[Black "Viens, Nicolas"]
[Result "1-0"]
[WhiteElo "1203"]
[BlackElo "1281"]
[PlyCount "65"]
[EventDate "2003.10.31"]
[EventType "swiss"]
[EventRounds "5"]
[EventCountry "CAN"]
[Source "ChessBase"]
[SourceDate "2007.11.25"]

1. e4 c5 2. Nc3 e6 3. g3 Nc6 4. Bg2 Nf6 5. f4 d5 6. e5 Nd7 7. Nf3 h6 8. d3 a6
9. O-O b5 10. a3 Qb6 11. Qe2 Bb7 12. Nd1 O-O-O 13. c3 f6 14. exf6 c4+ 15. d4
gxf6 16. Qxe6 Rh7 17. Ne3 Re7 18. Qxd5 Nce5 19. fxe5 Bxd5 20. Nxd5 Qe6 21.
Nxe7+ Bxe7 22. Bf4 h5 23. Rae1 fxe5 24. Nxe5 Nxe5 25. Rxe5 Qd7 26. Rfe1 Bf8 27.
Be4 Kc7 28. Re7+ Kc8 29. Rxd7 Rxd7 30. Bf5 Kd8 31. Bxd7 Kxd7 32. Re5 Bd6 33.
Rd5 1-0

[Event "Sherbrooke Perpetuelles 31-10"]
[Site "Sherbrooke CAN"]
[Date "2003.11.28"]
[Round "5"]
[White "Arcand, Eve Marie"]
[Black "Vincent, Pascal"]
[Result "0-1"]
[WhiteElo "1020"]
[BlackElo "1203"]
[PlyCount "66"]
[EventDate "2003.10.31"]
[EventType "swiss"]
[EventRounds "5"]
[EventCountry "CAN"]
[Source "ChessBase"]
[SourceDate "2007.11.25"]

1. d4 d5 2. c4 Nf6 3. c5 Nc6 4. Nf3 Bf5 5. Nc3 Nb4 6. e4 Nxe4 7. Qe2 Nxc3 8.
Qe3 Nc2+ 9. Kd2 Nxe3 10. Kxc3 Nd1+ 11. Kd2 Nxf2 12. Rg1 Ne4+ 13. Ke2 b6 14. c6
Qd6 15. Ne5 f6 16. Nd3 Qxc6 17. Bf4 Qc2+ 18. Kf3 Nd2+ 19. Bxd2 Qxd2 20. Be2
Bxd3 21. Bxd3 Qxd3+ 22. Kf2 Qxd4+ 23. Kg3 Qxg1 24. Rxg1 e5 25. Rd1 d4 26. Kf3
c5 27. a3 Kf7 28. g4 Ke6 29. h4 Be7 30. h5 Rhf8 31. b4 c4 32. b5 Bxa3 33. h6
gxh6 0-1

[Event "Sherbrooke Perpetuelles 31-10"]
[Site "Sherbrooke CAN"]
[Date "2003.11.28"]
[Round "5"]
[White "Denomme, Michael"]
[Black "Lafleur, Sebastien"]
[Result "1-0"]
[WhiteElo "1247"]
[BlackElo "1069"]
[PlyCount "57"]
[EventDate "2003.10.31"]
[EventType "swiss"]
[EventRounds "5"]
[EventCountry "CAN"]
[Source "ChessBase"]
[SourceDate "2007.11.25"]

1. e4 e6 2. f4 f5 3. Nc3 d6 4. d4 Nf6 5. e5 Nfd7 6. Nf3 h6 7. Be3 Nb6 8. Bf2
Bd7 9. Nh4 h5 10. Ng6 Rh6 11. Bh4 Qc8 12. Be2 Bc6 13. Nxf8 Kxf8 14. Bxh5 Be8
15. Bxe8 Qxe8 16. Bg5 Rh8 17. Qf3 d5 18. g4 Qc6 19. gxf5 exf5 20. h4 g6 21. h5
Na6 22. Bf6 Rxh5 23. Rxh5 gxh5 24. Qxh5 Qe6 25. Qh6+ Ke8 26. O-O-O Kd7 27. Nb5
c6 28. Qg7+ Kc8 29. Nd6+ 1-0

[Event "Sherbrooke Perpetuelles 31-10"]
[Site "Sherbrooke CAN"]
[Date "2003.11.28"]
[Round "5"]
[White "Grenier, Jean-Pierre"]
[Black "Duclos, Alain"]
[Result "1-0"]
[WhiteElo "1619"]
[BlackElo "1624"]
[PlyCount "101"]
[EventDate "2003.10.31"]
[EventType "swiss"]
[EventRounds "5"]
[EventCountry "CAN"]
[Source "ChessBase"]
[SourceDate "2007.11.25"]

1. d4 Nf6 2. Nf3 g6 3. Nc3 Bg7 4. e4 d6 5. h3 O-O 6. Bd3 Na6 7. a3 c5 8. Bxa6
cxd4 9. Nxd4 bxa6 10. O-O Bb7 11. Re1 Rc8 12. Qd3 Nd7 13. Nde2 Nb6 14. Bf4 d5
15. exd5 Nxd5 16. Nxd5 Qxd5 17. Qxd5 Bxd5 18. c3 e5 19. Be3 Rc7 20. b4 f5 21.
Rad1 Bc4 22. Rd6 f4 23. Bd2 Bf6 24. Bc1 Be7 25. Rd2 h5 26. Bb2 g5 27. Nc1 g4
28. Rxe5 gxh3 29. Rxh5 hxg2 30. Kxg2 Bf6 31. Rf5 Rg7+ 32. Kf3 Bb5 33. Rd6 Be7
34. Rxf8+ Kxf8 35. Rh6 Bc4 36. Rh5 Bg5 37. Ke4 Ke7 38. Kd4 Bf7 39. Rh1 Kd6 40.
Rd1 Kc6 41. Nd3 Kb6 42. Ne5 Bb3 43. Re1 Bh4 44. Rf1 Bf6 45. Re1 Rd7+ 46. Ke4
Bxe5 47. Kf5 Bc2+ 48. Ke6 Rd2 49. Kxe5 Rxf2 50. c4 Bb3 51. Bd4+ 1-0

[Event "Sherbrooke Perpetuelles 31-10"]
[Site "Sherbrooke CAN"]
[Date "2003.11.28"]
[Round "5"]
[White "Jolin, Fernand"]
[Black "Courteau, Bernard"]
[Result "0-1"]
[WhiteElo "1313"]
[BlackElo "1727"]
[PlyCount "62"]
[EventDate "2003.10.31"]
[EventType "swiss"]
[EventRounds "5"]
[EventCountry "CAN"]
[Source "ChessBase"]
[SourceDate "2007.11.25"]

1. Nf3 f5 2. g3 b6 3. Bg2 Bb7 4. O-O Nf6 5. d3 e6 6. Bg5 Be7 7. Bxf6 Bxf6 8. c3
O-O 9. d4 d6 10. Nbd2 Rf7 11. Nh4 c5 12. Bxb7 Rxb7 13. dxc5 bxc5 14. Nhf3 Rxb2
15. Nc4 Rb7 16. Qxd6 Qxd6 17. Nxd6 Rd7 18. Rfd1 Kf8 19. Rac1 Nc6 20. e4 Rad8
21. e5 Nxe5 22. Nxe5 Bxe5 23. Re1 Bxd6 24. Rxe6 Kf7 25. Re3 c4 26. Rf3 Kg6 27.
h4 h5 28. Rd1 Bc7 29. Rxd7 Rxd7 30. Re3 Kf6 31. f4 Bb6 0-1

[Event "Sherbrooke club ch."]
[Site "Sherbrooke CAN"]
[Date "2003.05.24"]
[Round "1"]
[White "Beaudry, Michel"]
[Black "Pilotte, Benoit"]
[Result "0-1"]
[WhiteElo "1497"]
[BlackElo "1700"]
[PlyCount "87"]
[EventDate "2003.05.24"]
[EventType "swiss"]
[EventRounds "4"]
[EventCountry "CAN"]

1. e4 d6 2. d4 Nf6 3. f3 g6 4. Be3 c6 5. Qd2 Nbd7 6. c4 e5 7. d5 c5 8. Be2 Bg7
9. Nc3 O-O 10. Nb5 Nb6 11. g4 Bxg4 12. Bg5 Bh5 13. b3 a6 14. Nc3 Nc8 15. h4 Ne7
16. f4 exf4 17. Bxf6 Bxf6 18. Bxh5 gxh5 19. Nf3 Ng6 20. O-O-O Qa5 21. Kc2 Rfe8
22. Na4 Qc7 23. Kd3 Rxe4 24. Kxe4 Re8+ 25. Kd3 Re3+ 26. Kc2 Rxf3 27. Rde1 Qd7
28. Qe2 Qf5+ 29. Qe4 Rf2+ 30. Kb1 Qxe4+ 31. Rxe4 b5 32. Re8+ Kg7 33. Nb6 Rb2+
34. Kc1 Rxa2 35. Rhe1 Bxh4 36. R1e2 Ra1+ 37. Kc2 f3 38. Kb2 fxe2 39. Rxe2 Bf6+
40. Kc2 Ra2+ 41. Kd3 Rxe2 42. Kxe2 Bd8 43. Nd7 bxc4 44. bxc4 0-1

[Event "Sherbrooke club ch."]
[Site "Sherbrooke CAN"]
[Date "2003.05.24"]
[Round "1"]
[White "Lemelin, Marc"]
[Black "Liard, Serge"]
[Result "1-0"]
[WhiteElo "1629"]
[BlackElo "1979"]
[PlyCount "65"]
[EventDate "2003.05.24"]
[EventType "swiss"]
[EventRounds "4"]
[EventCountry "CAN"]

1. d4 d5 2. c4 c6 3. Nc3 Nf6 4. Nf3 e6 5. Bg5 Nbd7 6. e3 Qa5 7. Nd2 dxc4 8.
Bxf6 Nxf6 9. Nxc4 Qg5 10. Ne5 Bd6 11. f4 Qh6 12. Qf3 Bxe5 13. dxe5 Nd5 14.
O-O-O Nxc3 15. bxc3 Qh4 16. Bc4 O-O 17. Rd6 Rb8 18. Rhd1 b5 19. g3 Qe7 20. Bb3
c5 21. Bc2 g6 22. h4 c4 23. h5 Qc7 24. hxg6 fxg6 25. Qg4 Qe7 26. Qh4 Qxh4 27.
gxh4 a5 28. h5 Kg7 29. hxg6 hxg6 30. Rg1 Kf7 31. Bxg6+ Ke7 32. Rh1 Rf5 33. Rh7+
1-0

[Event "Sherbrooke club ch."]
[Site "Sherbrooke CAN"]
[Date "2003.05.24"]
[Round "2"]
[White "Boutin, Andre"]
[Black "Soskic, Milan"]
[Result "1/2-1/2"]
[WhiteElo "1543"]
[BlackElo "1217"]
[PlyCount "141"]
[EventDate "2003.05.24"]
[EventType "swiss"]
[EventRounds "4"]
[EventCountry "CAN"]

1. c4 e5 2. e4 Nc6 3. d3 Nf6 4. Nf3 g6 5. Be2 Bg7 6. Nc3 d6 7. Nd5 h6 8. Nxf6+
Bxf6 9. Be3 O-O 10. Bxh6 Re8 11. Qd2 Bd7 12. Bg5 Nd4 13. Bxf6 Qxf6 14. Nxd4
exd4 15. O-O c5 16. f4 Qg7 17. Bf3 Rab8 18. g4 b6 19. g5 f6 20. gxf6 Qxf6 21.
Qg2 Kh8 22. Qg5 Qe7 23. Kf2 Qxg5 24. fxg5 Rf8 25. Kg3 Kg7 26. Bg2 b5 27. Rxf8
Rxf8 28. Rf1 b4 29. Rxf8 Kxf8 30. Bf3 a5 31. Bd1 a4 32. Kf4 Ke7 33. e5 Bf5 34.
Bc2 Ke6 35. exd6 Kxd6 36. b3 a3 37. h4 Ke6 38. Bb1 Bh3 39. Bc2 Bf5 40. Bb1 Bh3
41. Bc2 Bf5 42. Kg3 Ke5 43. Kf3 Bh3 44. Bd1 Bf1 45. Bc2 Bh3 46. Kg3 Bf5 47. Kf3
Bh3 48. Bd1 Bf1 49. Kg4 Bxd3 50. h5 gxh5+ 51. Kxh5 Kf4 52. g6 Bxg6+ 53. Kxg6 d3
54. Kf6 Ke4 55. Ke7 Kd4 56. Kd6 d2 57. Kc6 Kc3 58. Kxc5 Kb2 59. Kxb4 Kxa2 60.
c5 Kb2 61. c6 a2 62. c7 a1=Q 63. c8=Q Qxd1 64. Qh8+ Kc1 65. Qa1+ Kc2 66. Qa2+
Kd3 67. Qa6+ Kc2 68. Qa2+ Kd3 69. Qa6+ Kc2 70. Qa2+ Kd3 71. Qa6+ 1/2-1/2

[Event "Sherbrooke club ch."]
[Site "Sherbrooke CAN"]
[Date "2003.05.24"]
[Round "2"]
[White "Courteau, Bernard"]
[Black "Lemelin, Marc"]
[Result "1-0"]
[WhiteElo "1695"]
[BlackElo "1629"]
[PlyCount "51"]
[EventDate "2003.05.24"]
[EventType "swiss"]
[EventRounds "4"]
[EventCountry "CAN"]

1. e4 e6 2. d4 d5 3. Nc3 Nf6 4. e5 Nfd7 5. f4 c5 6. Nf3 Nc6 7. Be3 Qb6 8. Na4
Qa5+ 9. c3 cxd4 10. b4 Bxb4 11. cxb4 Qxb4+ 12. Bd2 Qe7 13. Bb5 f6 14. O-O O-O
15. Qe1 fxe5 16. Nxe5 Ndxe5 17. fxe5 Bd7 18. Rxf8+ Rxf8 19. Bxc6 Bxc6 20. Bb4
Qc7 21. Bd6 Qd8 22. Bxf8 Qxf8 23. Nb2 Bb5 24. Qf2 Qxf2+ 25. Kxf2 a6 26. Rd1 1-0

[Event "Sherbrooke club ch."]
[Site "Sherbrooke CAN"]
[Date "2003.05.24"]
[Round "2"]
[White "Pilotte, Benoit"]
[Black "Ouellet-Lahaie, Didier"]
[Result "1-0"]
[WhiteElo "1700"]
[BlackElo "1409"]
[PlyCount "37"]
[EventDate "2003.05.24"]
[EventType "swiss"]
[EventRounds "4"]
[EventCountry "CAN"]

1. f4 d5 2. b3 Nf6 3. Nf3 c5 4. e3 e6 5. Bb2 Be7 6. c4 O-O 7. cxd5 exd5 8. Bd3
Nc6 9. Nc3 a6 10. O-O b5 11. Ne5 Nb4 12. Bb1 Bb7 13. a3 Nc6 14. Rf3 Nxe5 15.
fxe5 d4 16. Rh3 dxc3 17. exf6 g6 18. fxe7 cxb2 19. exf8=Q+ 1-0

[Event "Sherbrooke club ch."]
[Site "Sherbrooke CAN"]
[Date "2003.05.25"]
[Round "3"]
[White "Liard, Serge"]
[Black "Soskic, Milan"]
[Result "1-0"]
[WhiteElo "1979"]
[BlackElo "1217"]
[PlyCount "51"]
[EventDate "2003.05.24"]
[EventType "swiss"]
[EventRounds "4"]
[EventCountry "CAN"]

1. e4 e5 2. Nf3 Nc6 3. Bc4 Nf6 4. Ng5 d5 5. exd5 Nd4 6. c3 Nf5 7. d4 exd4 8.
O-O Be7 9. Nxf7 Kxf7 10. d6+ Be6 11. Bxe6+ Kxe6 12. dxe7 Qd5 13. Re1+ Kd7 14.
cxd4 Qxd4 15. Qb3 Qb6 16. Qd3+ Nd6 17. Qh3+ Ke8 18. Nc3 Qc6 19. Bg5 Rg8 20.
Rac1 Qd7 21. Qxd7+ Kxd7 22. Bxf6 gxf6 23. Nd5 Rg6 24. Rxc7+ Ke8 25. Rc3 f5 26.
Nc7+ 1-0

[Event "Sherbrooke club ch."]
[Site "Sherbrooke CAN"]
[Date "2003.05.25"]
[Round "3"]
[White "Ouellet-Lahaie, Didier"]
[Black "Boutin, Andre"]
[Result "1/2-1/2"]
[WhiteElo "1409"]
[BlackElo "1543"]
[PlyCount "107"]
[EventDate "2003.05.24"]
[EventType "swiss"]
[EventRounds "4"]
[EventCountry "CAN"]

1. d4 Nf6 2. c4 c5 3. d5 b5 4. b3 bxc4 5. bxc4 g6 6. Bb2 Bg7 7. Qc2 d6 8. e4
Nbd7 9. Nf3 O-O 10. Bd3 Ng4 11. Bxg7 Kxg7 12. O-O Kg8 13. Nc3 Nge5 14. Nxe5
Nxe5 15. f4 Nxd3 16. Qxd3 f6 17. Nb5 a6 18. Nc3 Bd7 19. f5 g5 20. g4 Qe8 21.
Rf2 h5 22. gxh5 Qxh5 23. Rf3 Kg7 24. a4 Rh8 25. Ra2 Rab8 26. Rg3 Qh4 27. Qe3
Kf7 28. a5 Qf4 29. Qxf4 gxf4 30. Rg6 f3 31. Rg3 Rb4 32. Rxf3 Rxc4 33. Rb2 Rg8+
34. Kf2 Bb5 35. Re3 Rg7 36. Rh3 Kg8 37. Nxb5 axb5 38. Rxb5 Rc2+ 39. Kf1 Rgg2
40. Rb8+ Kg7 41. Rhh8 Rxh2 42. Rbg8+ Kf7 43. Rxh2 Rxh2 44. Rg2 Rh1+ 45. Ke2 Ra1
46. Kd3 Rxa5 47. Rb2 Ra3+ 48. Ke2 c4 49. Rc2 c3 50. Kd3 Kg7 51. Rg2+ Kh6 52.
Rg6+ Kh7 53. Rg4 Kh8 54. Kc2 1/2-1/2

[Event "Sherbrooke club ch."]
[Site "Sherbrooke CAN"]
[Date "2003.05.25"]
[Round "3"]
[White "Pilotte, Benoit"]
[Black "Courteau, Bernard"]
[Result "1-0"]
[WhiteElo "1700"]
[BlackElo "1695"]
[PlyCount "65"]
[EventDate "2003.05.24"]
[EventType "swiss"]
[EventRounds "4"]
[EventCountry "CAN"]

1. f4 e5 2. fxe5 d6 3. exd6 Bxd6 4. Nf3 Nf6 5. d3 Ng4 6. Bg5 f6 7. Bc1 Qe7 8.
e4 O-O 9. Nc3 c6 10. Qe2 Nd7 11. g3 Nde5 12. Bf4 Nxf3+ 13. Qxf3 Ne5 14. Bxe5
fxe5 15. Qh5 Be6 16. O-O-O Bf7 17. Qg4 Bc5 18. Re1 Bd4 19. Nd1 Bxa2 20. Bh3 Qc5
21. Rhf1 Rxf1 22. Rxf1 Bb3 23. Qe2 Rf8 24. Rxf8+ Kxf8 25. Kb1 Ba4 26. Be6 Qe7
27. Ba2 a5 28. Qg4 Bb5 29. Qc8+ Qe8 30. Qxb7 c5 31. Qd5 Qh5 32. Qd8+ Be8 33.
Qd6# 1-0

[Event "Sherbrooke club ch."]
[Site "Sherbrooke CAN"]
[Date "2003.05.25"]
[Round "4"]
[White "Courteau, Bernard"]
[Black "Boutin, Andre"]
[Result "1-0"]
[WhiteElo "1695"]
[BlackElo "1543"]
[PlyCount "75"]
[EventDate "2003.05.24"]
[EventType "swiss"]
[EventRounds "4"]
[EventCountry "CAN"]

1. e4 Nf6 2. e5 Nd5 3. c4 Nb6 4. d4 d6 5. f4 dxe5 6. fxe5 Nc6 7. Be3 Bf5 8. Nc3
e6 9. Nf3 Be7 10. Bd3 Bxd3 11. Qxd3 O-O 12. O-O-O f6 13. Ne4 fxe5 14. Neg5 Bxg5
15. Nxg5 Rf5 16. Nxe6 Qf6 17. d5 Nb4 18. Qb3 Na6 19. c5 Rc8 20. cxb6 cxb6+ 21.
Kb1 Qg6 22. Ka1 Qf7 23. d6 Nb8 24. Nc7 Qxb3 25. axb3 Nd7 26. Nd5 Rff8 27. Ne7+
Kh8 28. Nxc8 Rxc8 29. Rc1 Rf8 30. Rc7 Rf7 31. Rhc1 h6 32. Rxb7 Kg8 33. Rcc7 Nf6
34. Rxf7 Nd5 35. Rxg7+ Kh8 36. Bxh6 Nf6 37. Rb8+ Ng8 38. Rbxg8# 1-0